Organizational Behavioral (Record no. 1490812)

MARC details
000 -LEADER
fixed length control field 00279nam a22001217a 4500
003 - CONTROL NUMBER IDENTIFIER
control field OSt
005 - DATE AND TIME OF LATEST TRANSACTION
control field 20260116144323.0
008 - FIXED-LENGTH DATA ELEMENTS--GENERAL INFORMATION
fixed length control field 260116b |||||||| |||| 00| 0 eng d
040 ## - CATALOGING SOURCE
Transcribing agency fms
100 ## - MAIN ENTRY--PERSONAL NAME
Personal name Singh (k)
9 (RLIN) 898311
245 ## - TITLE STATEMENT
Title Organizational Behavioral
942 ## - ADDED ENTRY ELEMENTS (KOHA)
Source of classification or shelving scheme Colon Classification (CC)
Koha item type Textbook
Suppress in OPAC No

No items available.

Copyright @ Delhi University Library System